William Shakespeare : rest in peace /

Bibliographic Details
Main Author: Garner, Ian (Author)
Format: Book
Language:English
Published: Ely, UK : Melrose Books, [2014]
Edition:First edition.
Subjects:

MARC

Tag First Indicator Second Indicator Subfields
LEADER 00000cam a2200000 i 4500
001 in00003520739
005 20150326092112.0
008 150219t20142014enka 000 0 eng c
035 |a (OCoLC)ocn881845637 
040 |a NLE  |b eng  |e rda  |c NLE  |d UKMGB  |d OCLCO  |d OCLCF  |d TXA 
015 |a GBB473631  |2 bnb 
016 7 |a 016748876  |2 Uk 
020 |a 9781907732676 (hardback) 
020 |a 1907732675 (hardback) 
035 |a (OCoLC)881845637 
042 |a pcc 
050 4 |a PR2944  |b .G37 2014 
049 |a TXAM 
100 1 |a Garner, Ian,  |e author. 
245 1 0 |a William Shakespeare :  |b rest in peace /  |c Ian Garner. 
250 |a First edition. 
264 1 |a Ely, UK :  |b Melrose Books,  |c [2014] 
264 4 |c ©2014 
300 |a xxviii, 267 pages :  |b illustrations (some color) ;  |c 24 cm 
336 |a text  |b txt  |2 rdacontent 
337 |a unmediated  |b n  |2 rdamedia 
338 |a volume  |b nc  |2 rdacarrier 
500 |a "Francis Bacon, the author, Benjamin Jonson, the fixer, William Shakespeare, an actor" 
600 1 0 |a Shakespeare, William,  |d 1564-1616  |x Authorship  |x Baconian theory. 
600 1 0 |a Bacon, Francis,  |d 1561-1626  |x Cipher. 
600 1 0 |a Jonson, Ben,  |d 1573?-1637  |x Cipher. 
650 0 |a English literature  |y Early modern, 1500-1700  |x History and criticism. 
600 1 7 |a Bacon, Francis,  |d 1561-1626.  |2 fast  |0 (OCoLC)fst00041952 
600 1 7 |a Jonson, Ben,  |d 1573?-1637.  |2 fast  |0 (OCoLC)fst00053328 
600 1 7 |a Shakespeare, William,  |d 1564-1616.  |2 fast  |0 (OCoLC)fst00029048 
650 7 |a Authorship.  |2 fast  |0 (OCoLC)fst00822442 
945 |a PromptCat  |b 115791 
946 |a stk 
947 |a A14842969579 
994 |a C0  |b TXA 
948 |a cataloged  |b h  |c 2015/3/26  |d c  |e nbehmer  |f 9:19:58 am 
999 f f |s a944f5cd-c767-304f-96a7-18a7ed1113cf  |i b8751ecb-e5a8-32e5-bea2-12cf5237fe34  |t 0 
952 f f |p normal  |a Texas A&M University  |b College Station  |c Sterling C. Evans Library  |d Evans: Library Stacks  |t 0  |e PR2944 .G37 2014  |h Library of Congress classification  |i unmediated -- volume  |m A14842969579 
998 f f |a PR2944 .G37 2014  |t 0  |l Evans: Library Stacks